000 01336nam a22002777a 4500
001 000349
003 DO-SdBNP
005 20171110132801.0
007 000349
008 160705b 2007 nyu xxu||||| |||| 00| 0 spa d
020 _a9781422103326
040 _aBPMSU
_bspa
_cBPMSU
082 4 _a658.4013
_bD247c
100 1 _aDavenport, Thomas H.
245 1 0 _aCompeting on analytics :
_bthe new science of winning /
_cThomas H. Davenport and Jeanne G. Harris.
260 0 _aBoston, Massachusetts :
_bHarvard Business School Press,
_c2007.
300 _axv, 218 p. :
_b il. ;
_c25 cm.
505 0 _tForeword / by Gary Loveman --
_tThe nature of analytical competition --
_tWhat makes an analytical competitor? --
_tAnalytics and business performance --
_tCompeting on analytics with internal processes --
_tCompeting on analytics with external processes --
_tBuilding an analytical capability --
_tA roadmap to enhanced analytical capabilities --
_tManaging analytical people --
_tThe architecture of business intelligence --
_tThe future of analytical competition.
650 4 _aMATEMÁTICAS FINANCIERAS
650 4 _aESPIONAJE EN LOS NEGÓCIOS
700 1 2 _aHarris, Jeanne G.
910 _aValidado. Control de calidad MFF
942 _2ddc
_cBK
945 _aInventariado, 2017/MFF
956 _2LOPEREZ
_310
_620160705
_8BPMSU
_a00041
999 _c10674
_d10674